00497nam a2200145 a 4500020001800000041000800018100002900026245010200055260005300157300001000210662002300220700003500243700004000278700003300318 a9789588317205 aspa aAgudelo Córdoba, Edwin aComo conservar y utilizar los desperdicios del pescado bel ensilado biológico como alternativa aBogotábInstituto Alexander von Humboldtc2007 a32 p. aColombiabAmazonas aAlonso González, Juan Carlos aCuevas Tarazona, Diana Concepción aNúñez Dasilva, Francisco